00731nam a22002057a 4500003000900000005001700009008003100026020001600057040002800073082001100101245008600112246003400198260004300232300004200275942001200317945003800329952010300367956003800470999001700508DO-SdBNP20171129103951.0171129b 1995 sp 00| 0 spa d a 8479710748 aDO-SdBNPbspacDO-SdBNP assbss aBritannia : bdiccionario castellano - Inglés = Britannia english - espanish /  aBritannia english - espanish  aMadrid :bServilibro Ediciones, c1995 a1v. con varias paginaciones c21 cm.  2ddccBK aInventariado extranjero / 2017 VM 00102ddc40708CGaBPMETbBPMETd2017-11-29l0oss sspBPMSU27110527r2017-11-29w2017-11-29yBK aVMATEOb10c20171129dBPSMUf0069 c13203d13203